000 01034nam a22002774a 4500
005 20090619143540.0
008 070416s2007 ii ab bf 000 0 eng
010 _aENG-94126
020 _a9780198062516
_c345.00
020 _a0198062516
_c345.00
035 _aEN-77659
037 _bDBAD / PUB
040 _adpl
_bEnglish
082 _a630.954
245 _aHandbook of agriculture in India /
_cedited by Shovan Ray
260 _aNew Delhi
_bOxford University Press
_c2009
270 _aYMCA Library Building, Jai Singh Road,
_bNew Delhi
_e110001
300 _axv, 231 p. :
_bill., maps ;
_c25cm(pbk)
490 _aOxford India handbooks
500 _aIncludes bibliographical references.
520 _aContributed articles.
650 _aAgriculture
_zIndia.
700 _aRay, Shovan
942 _2ddc
_cEN
_mHAB
_h630.954
999 _c27649
_d27649